000 00454pab a2200169 454500
008 180718b1959 xxu||||| |||| 00| 0 eng d
100 _aRamayyar, M.S.
245 _aFinancial control over expenditure in the central government
260 _c1959
300 _ap.19-38.
362 _aJan-Mar
650 _aCentral government
650 _aPublic expenditure
773 _aIndian Journal of Public Administration
908 _aN
909 _a100536
999 _c100535
_d100535